<?xml version="1.0" encoding="UTF-8"?><?xml-stylesheet type="text/xsl" href="static/style.xsl"?><OAI-PMH xmlns="http://www.openarchives.org/OAI/2.0/" xmlns:xsi="http://www.w3.org/2001/XMLSchema-instance" xsi:schemaLocation="http://www.openarchives.org/OAI/2.0/ http://www.openarchives.org/OAI/2.0/OAI-PMH.xsd"><responseDate>2026-04-17T05:30:05Z</responseDate><request verb="GetRecord" identifier="oai:www.recercat.cat:11351/9534" metadataPrefix="marc">https://recercat.cat/oai/request</request><GetRecord><record><header><identifier>oai:recercat.cat:11351/9534</identifier><datestamp>2025-10-24T08:27:58Z</datestamp><setSpec>com_2072_451660</setSpec><setSpec>com_2072_378040</setSpec><setSpec>col_2072_451662</setSpec></header><metadata><record xmlns="http://www.loc.gov/MARC21/slim" xmlns:dcterms="http://purl.org/dc/terms/" xmlns:xsi="http://www.w3.org/2001/XMLSchema-instance" xmlns:doc="http://www.lyncode.com/xoai" xsi:schemaLocation="http://www.loc.gov/MARC21/slim http://www.loc.gov/standards/marcxml/schema/MARC21slim.xsd">
   <leader>00925njm 22002777a 4500</leader>
   <datafield ind2=" " ind1=" " tag="042">
      <subfield code="a">dc</subfield>
   </datafield>
   <datafield ind2=" " ind1=" " tag="720">
      <subfield code="a">Ferreiro-Iglesias, Rocio</subfield>
      <subfield code="e">author</subfield>
   </datafield>
   <datafield ind2=" " ind1=" " tag="720">
      <subfield code="a">Piqueras, Marta</subfield>
      <subfield code="e">author</subfield>
   </datafield>
   <datafield ind2=" " ind1=" " tag="720">
      <subfield code="a">Ricart Gomez, Elena</subfield>
      <subfield code="e">author</subfield>
   </datafield>
   <datafield ind2=" " ind1=" " tag="720">
      <subfield code="a">Sempere, Laura</subfield>
      <subfield code="e">author</subfield>
   </datafield>
   <datafield ind2=" " ind1=" " tag="720">
      <subfield code="a">Roca, Mariona</subfield>
      <subfield code="e">author</subfield>
   </datafield>
   <datafield ind2=" " ind1=" " tag="720">
      <subfield code="a">Martín de Carpi, Javier</subfield>
      <subfield code="e">author</subfield>
   </datafield>
   <datafield ind2=" " ind1=" " tag="260">
      <subfield code="c">2023-05-15T11:43:05Z</subfield>
   </datafield>
   <datafield ind2=" " ind1=" " tag="260">
      <subfield code="c">2023-05-15T11:43:05Z</subfield>
   </datafield>
   <datafield ind2=" " ind1=" " tag="260">
      <subfield code="c">2022-12</subfield>
   </datafield>
   <datafield ind2=" " ind1=" " tag="520">
      <subfield code="a">Malaltia de Crohn; Colitis ulcerosa; Vacunació</subfield>
   </datafield>
   <datafield ind2=" " ind1=" " tag="520">
      <subfield code="a">Enfermedad de Crohn; Colitis ulcerosa; Vacunación</subfield>
   </datafield>
   <datafield ind2=" " ind1=" " tag="520">
      <subfield code="a">Crohn's disease; Ulcerative colitis; Vaccination</subfield>
   </datafield>
   <datafield ind2=" " ind1=" " tag="520">
      <subfield code="a">Patients with inflammatory bowel disease (IBD) may require different immunosuppressive treatments throughout their illness. It is essential to assess the immunization status of patients at diagnosis or, if this is not possible, at least before the beginning of immunosuppressive therapy and, subsequently, administering the appropriate vaccines. Therefore, the aim of this work is to establish clear and concise recommendations on vaccination in patients with IBD in the different settings of our clinical practice including vaccination in children, during pregnancy, breastfeeding or on trips. This consensus document emphasises the differences between inactivated and attenuated vaccines and the different degrees of immunosuppression and correlates them with the administration of both mandatory and optional vaccines recommended to our patients with IBD. Finally, as a summary, 17 recommendations are established based on the available scientific evidence and expert opinion. A multidisciplinary team with extensive experience in IBD and vaccination, made up of specialists in gastroenterology, paediatrics, nursing and pharmacy, has participated in the preparation of these recommendations of the Spanish Working Group on Crohn's Disease and Ulcerative Colitis.</subfield>
   </datafield>
   <datafield ind2=" " ind1=" " tag="520">
      <subfield code="a">Los pacientes con enfermedad inflamatoria intestinal (EII) pueden requerir diferentes tratamientos inmunosupresores a lo largo del curso de su enfermedad. Por ello, es fundamental evaluar el estado de inmunización en el momento del diagnóstico o, si no es posible, siempre antes de iniciar un tratamiento inmunosupresor, y administrar las vacunas apropiadas.&#xd;
El objetivo del presente documento es establecer unas recomendaciones claras y concisas sobre la vacunación en pacientes con EII en diferentes escenarios de práctica clínica, incluyendo situaciones especiales como la vacunación en la edad pediátrica, el embarazo, la lactancia o en viajes al extranjero. Se presentan las diferencias entre vacunas inactivadas y atenuadas, los diferentes grados de inmunosupresión y su relación con las pautas de administración de las diferentes vacunas (tanto obligatorias como opcionales) recomendadas a los pacientes con EII. En el documento, se establecen 17 recomendaciones basadas en la evidencia científica disponible y opinión de expertos. En la elaboración de estas recomendaciones del Grupo Español de Trabajo en Enfermedad de Crohn y Colitis Ulcerosa ha participado un equipo multidisciplinar con amplia experiencia en EII y vacunación formado por especialistas de gastroenterología, pediatría, enfermería y farmacia.</subfield>
   </datafield>
   <datafield ind1="8" ind2=" " tag="024">
      <subfield code="a">http://hdl.handle.net/11351/9534</subfield>
   </datafield>
   <datafield tag="653" ind2=" " ind1=" ">
      <subfield code="a">Crohn, Malaltia de</subfield>
   </datafield>
   <datafield tag="653" ind2=" " ind1=" ">
      <subfield code="a">Colitis ulcerosa</subfield>
   </datafield>
   <datafield tag="653" ind2=" " ind1=" ">
      <subfield code="a">Vacunació</subfield>
   </datafield>
   <datafield tag="653" ind2=" " ind1=" ">
      <subfield code="a">DISEASES::Digestive System Diseases::Gastrointestinal Diseases::Gastroenteritis::Inflammatory Bowel Diseases::Crohn Disease</subfield>
   </datafield>
   <datafield tag="653" ind2=" " ind1=" ">
      <subfield code="a">DISEASES::Digestive System Diseases::Gastrointestinal Diseases::Gastroenteritis::Colitis::Colitis, Ulcerative</subfield>
   </datafield>
   <datafield tag="653" ind2=" " ind1=" ">
      <subfield code="a">ANALYTICAL, DIAGNOSTIC AND THERAPEUTIC TECHNIQUES, AND EQUIPMENT::Therapeutics::Biological Therapy::Immunomodulation::Immunotherapy::Immunization::Immunotherapy, Active::Vaccination</subfield>
   </datafield>
   <datafield tag="653" ind2=" " ind1=" ">
      <subfield code="a">ENFERMEDADES::enfermedades del sistema digestivo::enfermedades gastrointestinales::gastroenteritis::enfermedad inflamatoria intestinal::enfermedad de Crohn</subfield>
   </datafield>
   <datafield tag="653" ind2=" " ind1=" ">
      <subfield code="a">ENFERMEDADES::enfermedades del sistema digestivo::enfermedades gastrointestinales::gastroenteritis::colitis::colitis ulcerosa</subfield>
   </datafield>
   <datafield tag="653" ind2=" " ind1=" ">
      <subfield code="a">TÉCNICAS Y EQUIPOS ANALÍTICOS, DIAGNÓSTICOS Y TERAPÉUTICOS::terapéutica::terapia biológica::inmunomodulación::inmunoterapia::inmunización::inmunoterapia activa::vacunación</subfield>
   </datafield>
   <datafield ind2="0" ind1="0" tag="245">
      <subfield code="a">Recomendaciones del Grupo Español de Trabajo en Enfermedad de Crohn y Colitis Ulcerosa sobre la importancia, el cribado y la vacunación en pacientes con enfermedad inflamatoria intestinal</subfield>
   </datafield>
   <datafield ind2="0" ind1="0" tag="245">
      <subfield code="a">Recommendations of the Spanish Group on Crohn's Disease and Ulcerative Colitis on the importance, screening and vaccination in inflammatory bowel disease patients</subfield>
   </datafield>
</record></metadata></record></GetRecord></OAI-PMH>